Представление документа в формате MARC21

Поле Инд. ПП Название Значение
Тип записи a
Библиографический уровень m
001 Контрольный номер 3c28904a-badc-48f6-bb40-e0dda3b10f07
005 Дата корректировки 20131111220031.5
008 Кодируемые данные 001228 d
020 a ISBN 5-03-001712-7 (в пер.)
c Цена, тираж 4.90
040 a Служба первич. каталог. RU-RKP
040 a Служба первич. каталог. НБ ТвГУ
041 a Код языка текста rus
080 a Индекс УДК 530.1
a Индекс УДК 514
084 a Индекс другой классификации/Индекс ББК В311
a Индекс другой классификации/Индекс ББК В151
090 x Авторский знак Ф32
a Полочн. индекс В311
092 a 29.05
a 27.21
100 1_ a Автор Федер Енс
245 00 a Заглавие Фракталы
c Ответственность Е. Федер; Пер. с англ. Ю. А. Данилова, А. Шукурова
260 0_ a Место издания Москва
b Издательство Мир
c Дата издания 1991
300 a Объем 260 с.
b Иллюстрации/ тип воспроизводства ил.
c Размеры 22 см
500 a Примечание Перевод изд.: Fractals / Jens Feder (New York; London).
504 a Библиография Библиогр.: с. 249-258 (224 назв.).
583 a Действие Приписка 17 04.02.2008
k Исполнитель действия Взамен утраченных
650 a Основная рубрика Фракталы
653 a Ключевые слова Фракталы
700 1_ a Другие авторы Данилов Ю. А.
e Роль лиц пер.
700 1_ a Другие авторы Шукуров А.
e Роль лиц пер.
852 t Порядковый номер экземпляра 3
p Инвентарный номер 624766
p Инвентарный номер 619715
p Инвентарный номер 902472 250.00 (ксерокопия)
863 t 00211215
952 p 17.2008 250.00 1 902472
c Вид литературы К рн
954 a Дата поступления на обработку 20001228
999 a Подразделение 2 Фил3